<?xml version="1.0" encoding="UTF-8"?>
<record
    xmlns:xsi="http://www.w3.org/2001/XMLSchema-instance"
    xsi:schemaLocation="http://www.loc.gov/MARC21/slim http://www.loc.gov/standards/marcxml/schema/MARC21slim.xsd"
    xmlns="http://www.loc.gov/MARC21/slim">

  <leader>00952nam a2200229 i 4500</leader>
  <controlfield tag="001">154209</controlfield>
  <controlfield tag="003">ES-MaACL</controlfield>
  <controlfield tag="005">20251003180424.0</controlfield>
  <controlfield tag="008">051017s1837    fr af  | |||||||| ||fre d</controlfield>
  <datafield tag="040" ind1=" " ind2=" ">
    <subfield code="a">CAM </subfield>
    <subfield code="b">spa </subfield>
    <subfield code="c">CAM</subfield>
  </datafield>
  <datafield tag="245" ind1="0" ind2="0">
    <subfield code="a">Galerie pittoresque d'histoire naturelle / </subfield>
    <subfield code="c">dessin&#xE9;e et grav&#xE9;e par Andrew, Best, Leloir et Susemihl ; pr&#xE9;c&#xE9;d&#xE9;e d'un cours &#xE9;lementaire de'histoire naturelle par M. Boitard.</subfield>
  </datafield>
  <datafield tag="250" ind1=" " ind2=" ">
    <subfield code="a">2e &#xE9;d.</subfield>
  </datafield>
  <datafield tag="260" ind1=" " ind2=" ">
    <subfield code="a">Paris : </subfield>
    <subfield code="b">Gayet et Lebrun, </subfield>
    <subfield code="c">1837 (</subfield>
    <subfield code="f">Imprimerie de E. Duverger)</subfield>
  </datafield>
  <datafield tag="300" ind1=" " ind2=" ">
    <subfield code="a">48 p., [76] h. de l&#xE1;m. ; </subfield>
    <subfield code="c">28 cm.</subfield>
  </datafield>
  <datafield tag="650" ind1=" " ind2="4">
    <subfield code="a">Zoolog&#xED;a-</subfield>
    <subfield code="v">Obras ilustradas.</subfield>
    <subfield code="9">146318</subfield>
  </datafield>
  <datafield tag="700" ind1="1" ind2=" ">
    <subfield code="a">Boitard, Pierre, </subfield>
    <subfield code="d">1789-1859</subfield>
    <subfield code="9">146312</subfield>
  </datafield>
  <datafield tag="700" ind1="1" ind2=" ">
    <subfield code="a">Leloir, Jean-Baptiste Auguste, </subfield>
    <subfield code="d">1809-1892</subfield>
    <subfield code="9">146313</subfield>
  </datafield>
  <datafield tag="700" ind1="1" ind2=" ">
    <subfield code="a">Best (</subfield>
    <subfield code="d">18..-18.. ; graveur sur bois)</subfield>
    <subfield code="9">146314</subfield>
  </datafield>
  <datafield tag="700" ind1="1" ind2=" ">
    <subfield code="a">Andrew (</subfield>
    <subfield code="d">18..-18.. ; graveur sur bois)</subfield>
    <subfield code="9">146316</subfield>
  </datafield>
  <datafield tag="852" ind1=" " ind2=" ">
    <subfield code="a">ES-MaACL</subfield>
    <subfield code="j">G-6547 </subfield>
    <subfield code="z">- Enc. ed. cart.</subfield>
  </datafield>
  <datafield tag="999" ind1=" " ind2=" ">
    <subfield code="c">154209</subfield>
    <subfield code="d">154209</subfield>
  </datafield>
  <datafield tag="952" ind1=" " ind2=" ">
    <subfield code="0">0</subfield>
    <subfield code="1">0</subfield>
    <subfield code="4">0</subfield>
    <subfield code="7">0</subfield>
    <subfield code="8">LIBXIX</subfield>
    <subfield code="a">ATENEOM</subfield>
    <subfield code="b">ATENEOM</subfield>
    <subfield code="c">DEPO2</subfield>
    <subfield code="d">2008-01-17</subfield>
    <subfield code="e">SSC</subfield>
    <subfield code="l">0</subfield>
    <subfield code="o">G-6547</subfield>
    <subfield code="p">1161250</subfield>
    <subfield code="r">2023-02-23 00:00:00</subfield>
    <subfield code="w">2023-02-23</subfield>
    <subfield code="y">MONANT</subfield>
  </datafield>
</record>
